Normal view
MARC view
Entry Personal Name
001 - CONTROL NUMBER
- control field: 12701
003 - CONTROL NUMBER IDENTIFIER
- control field: OSt
005 - DATE AND TIME OF LATEST TRANSACTION
- control field: 20181003131006.0
008 - FIXED-LENGTH DATA ELEMENTS
- fixed length control field: 181003|| aca||aabn | a|a d
040 ## - CATALOGING SOURCE
- Original cataloging agency: OSt
- Transcribing agency: OSt
100 ## - HEADING--PERSONAL NAME
- Personal name: Edited by Judith, Lathlean; Barbara, Vaughan.
670 ## - SOURCE DATA FOUND
- Source citation: Work cat.: (OSt)5653: Edited by Judith, Lathlean; Barbara, Vaughan., Unifying Nursing Practice and Theory , 1994.
